Les 10 villages de Ligue 1 ! - Statistiques

Statistiques générales
  • Ce quiz a été pris 425 fois
  • Le résultat moyen est 5 sur 10
Statistiques - réponses
Club Population Saisons en Ligue 1 % Correct
En Avant Guingamp 7 000 8
81%
FC Sochaux-Montbéliard 26 000 12
56%
RC Lens 31 000 12
55%
AJ Auxerre 34 000 11
54%
Evian Thonon Gaillard FC 36 000 4
54%
CS Sedan Ardennes 16 000 2
46%
SC Bastia 49 000 8
45%
Istres FC 44 000 1
36%
Valenciennes FC 43 000 8
31%
US Boulogne CO 40 000 1
28%
Aucun quiz correspondant
Distribution des résultats
% des personnes avec chaque résultat
Percentile par nombre de réponses
Votre historique - résultats
Vous n’avez pas pris ce quiz